Basın Kurultayı'92 (Record no. 5054)

MARC details
000 -BAŞLIK
Sabit Uzunlukta Kontrol Alanı 00769na a2200265 4500
001 - KONTROL NUMARASI
Denetim Alanı 16796
003 - KONTROL NUMARASI IDENTIFIER
Denetim Alanı MIRAKIL
005 - SON İŞLEM TARİHİ VE ZAMANI
Denetim Alanı 20181213155026.0
008 - SABİT-BOY VERİ ELEMANLARI - GENEL BİLGİLER
Sabit Uzunlukta Kontrol Alanı 161013b tu 000 0
020 ## - ULUSLARARASI STANDART KİTAP NUMARASI
Uluslararası Standart Kitap Numarası 9757866008
035 ## - SİSTEM KONTROL NUMARASI
Sistem Kontrol Numarası 16796
040 ## - KATALOGLAMA KAYNAK
Orijinal Kataloglama Ajansı Milas
Kataloglama Dili tur
Metne Dönüştürmek Ajansı TR-AnCHP
041 ## - DİL KODU
Metin / Ses Parça Veya Ayrı Başlığın Dil Kodu tur
082 ## - DEWEY ONLU SINIFLANDIRMA NUMARASI
Sınıflandırma Numarası 070.4
Ürün Numarası B27 1992
090 ## - SINIFLAMA NUMARASI
Sınıflama Numarası 070.4 B27 1992
111 ## - ANA GİRİŞ - TOPLANTI ADI
Giriş Elemanı Olarak Toplantı Adı Veya Yargı Alanı Adı Basın Kurultayı
Toplantının Yeri [İstanbul]
Toplantı Veya Antlaşma İmzalandığı Tarihi 1992
245 ## - BAŞLIK TABLOSU
Başlık Basın Kurultayı'92
Sorumluluk Tablosu, Vb yayına hazırlayan Metin Aksoy
246 ## - UNVAN FORM VARYING
Başlık Doğru / Kısa Başlığı Basın Kurultayı 92
260 ## - YAYIN, DAĞITIM, VB
Yayın, Dağıtım, Vb Yeri [İstanbul]
Yayıncı, Dağıtıcı, Vs Adı Çağdaş Gazeteciler Derneği
Yayın, Dağıtım, Vb Tarihi 1992
300 ## - FİZİKSEL TANIM
Kapsam 420 s.
Boyutlar 24 sm.
490 ## - SERİSİ TABLOSU
Seri Beyanı Çağdaş Gazeteciler Derneği Yayınları
Hacim / Ardışık Tanımı 7
650 ## - KONU KATMA GİRİŞ - TOPİKAL DÖNEM
Topikal Süreli Veya Coğrafi Ad Giriş Elemanı Gazetecilik
Genel Alt Bölümü Toplantılar
Coğrafi Alt Bölümü Türkiye
700 ## - KATMA GİRİŞ - KİŞİSEL İSİM
Kişisel Ad Aksoy, Metin
942 ## - EKLENDİ GİRİŞ ELEMANLARI (KOHA)
Sınıflandırma Veya Raf Düzeni Kaynak
Koha Öğesi Türü Books
999 ## - SİSTEM KONTROL NUMARALARI (KOHA)
Koha Biblionumber 5054
Koha Biblioitemnumber 5054
Holdings
Kalıcı Konum Mevcut Konum Edinme Tarihi Edinim Kaynak Toplam Check-Out'Lar Tam Çağrı Numarası Barkod Tarih Son Görülme İtibaren Geçerli Fiyatlar Koha Öğesi Türü
CHP Kütüphanesi CHP Kütüphanesi 10/13/2016 Bağış   070.4 B27 1992 005727 10/13/2016 10/13/2016 Books